America's Youngest Billionaires Quiz Stats

 Plays Quiz not verified by Sporcle

Score 0/8 Timer 05:00
0 Plays Today
Age Name % Correct
26Mark Zuckerberg
96.2%
37Larry Page
34.6%
28Eduardo Saverin
30.8%
37Sergey Brin
30.8%
26Dustin Moskovitz
15.4%
36John Arnold
5.8%
27Scott Duncan
3.8%
38Daniel Ziff
3.8%

You're not logged in!

Compare scores with friends on all Sporcle quizzes.
OR
Log In

Show Comments

Extras

Top Quizzes Today


Score Distribution

Your Account Isn't Verified!

In order to create a playlist on Sporcle, you need to verify the email address you used during registration. Go to your Sporcle Settings to finish the process.

Report this User

Report this user for behavior that violates our Community Guidelines.

Details: